Standout Countries Quiz Stats

 Plays Quiz Updated Aug 14, 2019

Score 0/16 Timer 08:00
10 Plays Today
Title Country % Correct
Largest populationChina
99.8%
Most Summer Olympic gold medalsUnited States of America
84.5%
Highest elevationNepal
82.6%
Most FIFA World CupsBrazil
82.3%
Largest coffee producerBrazil
82.1%
Largest spice producerIndia
81.8%
Largest army (by budget)United States of America
81.1%
Largest exporterChina
77.2%
Title Country % Correct
Most of top 10 best albums (Rolling Stone)United Kingdom
75.4%
Highest incarceration rateUnited States of America
71.8%
Most Winter Olympic gold medalsNorway
68.5%
Largest illegal opium producerAfghanistan
58.2%
Most wine consumption per capitaVatican City
24.1%
Largest coconut producerIndonesia
22.2%
Highest unemployment rateSyria
10.4%
Biggest smokersAndorra
5.8%

You're not logged in!

Compare scores with friends on all Sporcle quizzes.
OR
Log In

Sporcle TV

Today on Sporcle TV


Watch our educational content, quiz creation guides, and fun videos on Sporcle TV.

Show Comments

Extras

Top Quizzes Today


Score Distribution

Your Account Isn't Verified!

In order to create a playlist on Sporcle, you need to verify the email address you used during registration. Go to your Sporcle Settings to finish the process.

Report this User

Report this user for behavior that violates our Community Guidelines.

Details: